Statistics for Countries with less than 0.5 Million People

Click here to take the quiz!

General Stats

  • This quiz has been taken 69 times
  • The average score is 22 of 29

Answer Stats

PopulationCountry% Correct
800Vatican City
98%
38,300Monaco
91%
46,204 St Kitts and Nevis
89%
10,084 Nauru
88%
33,344San Marino
88%
55,500 Marshall Islands
86%
78,264 Andorra
85%
179,667 St Lucia
85%
10,640Tuvalu
83%
109,557St Vincent and the Grenadines
82%
286,388 Barbados
80%
103,328 Grenada
80%
38,111Liechtenstein
80%
199,052 Samoa
80%
100,651 Tonga
80%
17,900Palau
78%
86,295 Antigua and Barbuda
77%
475,701Malta
77%
304,500 Vanuatu
77%
381,320 Bahamas
74%
105,300 F.S.Micronesia
74%
71,293Dominica
71%
353,070Iceland
68%
120,100 Kiribati
68%
94,205 Seychelles
68%
197,700 São Tomé and Príncipe
65%
378,114 Maldives
58%
422,678Brunei
55%
395,882 Belize
46%

Score Distribution

Percentile by Number Answered

Percent of People with Each Score

Your Score History

You have not taken this quiz